000 00396nam a22001217a 4500
040 _cHS
082 _a338
110 _aក្រសួងកសិកម្ម
245 _a Agriculutal statistics 2003 -2004 ស្ថិតិ កសិកម្ម ឆ្នាំ២០០៣​-២០០៤
260 _aCambodia
_bក្រសួងកសិកម្ម
_c2004
300 _a81p;
942 _cEK
999 _c9609
_d9609